000 00420nam a2200181Ia 4500
001 13228
005 20260306163038.0
008 260306t2005||||xx |||||||||||||| ||spa||
041 _aESP
082 _a001.42
_bC88E
100 _aCreme, Phyllis
_eAUT
245 0 _aEscribir en la universidad
260 _c2005
300 _a190 páginas :
_c24 cm.
650 _aGEN
654 _aCHU
942 _cLIB
_dJUS
_fJUS
_2ddc
_n
999 _c13228
_d13228